Music Quiz

Random Music or Lyrics Quiz

'I Got You, Babe' Type-a-Long Quiz Stats

 Plays Quiz Updated Feb 2, 2019

Support Sporcle.
Go Orange.
Score 0/202 Timer 09:00
1 Play Today
% Correct
I
98.8%
I
98.8%
I
98.8%
I
98.8%
I
98.8%
I
98.8%
I
98.8%
I
98.8%
I
98.8%
I
98.8%
I
98.8%
I
98.8%
I
98.8%
I
98.8%
I
98.8%
I
98.8%
I
98.8%
I
98.8%
I
98.8%
I
98.8%
I
98.8%
you
98.2%
you.
98.2%
you,
98.2%
you,
98.2%
you
98.2%
you
98.2%
you,
98.2%
you
98.2%
you
98.2%
you
98.2%
you
98.2%
you
98.2%
you
98.2%
you,
98.2%
you
98.2%
you,
98.2%
got
95.9%
got
95.9%
got
95.9%
got.
95.9%
got
95.9%
got
95.9%
got
95.9%
got
95.9%
got
95.9%
got
95.9%
got
95.9%
got
95.9%
got
95.9%
got
95.9%
got
95.9%
got
95.9%
got
95.9%
Babe.
95.8%
babe. (x2)
95.8%
Babe,
95.8%
babe. (x2)
95.8%
Babe,
95.8%
babe. (x2)
95.8%
babe. (x5)
95.8%
go
94.7%
go.
94.7%
a
88.2%
a
88.2%
the
84.9%
the
84.9%
the
84.8%
% Correct
we
81.9%
We
81.9%
we
81.9%
We
81.9%
we
81.9%
we
81.9%
and
79.3%
and,
79.3%
And
79.3%
And
79.3%
me,
75.6%
me.
75.6%
me.
75.6%
me
75.6%
me
75.6%
love
73.5%
love
73.5%
They
71.1%
They
71.1%
say
70.5%
say
70.5%
say
70.5%
to
70%
to
70%
to
70%
to
70%
to
70%
to
70%
to
70%
to
70%
don't
67.5%
don't
67.5%
don't
67.5%
don't
67.5%
know.
66.3%
know
66.3%
baby,
63.2%
we're
63.1%
won't
62.4%
won't
62.4%
won't
62.4%
in
60.7%
in
60.7%
if
60.1%
if
60.1%
my
58.7%
my
58.7%
so
58.2%
So,
58.2%
so.
58.2%
young
58.1%
all
57.8%
all
57.8%
all
57.8%
our
57.5%
our
57.5%
but
57.3%
your
56.6%
your
56.6%
hand
54.6%
hand.
54.6%
hold
53.4%
hold
53.4%
when
51.8%
have
51.1%
no
50.7%
out
50.5%
until
49.9%
% Correct
grow.
49.4%
Well,
49.3%
rent.
48.5%
pay
48.3%
true
47.9%
find
47.5%
that's
46.8%
that's
46.8%
can't
45.4%
can't
45.4%
let
45.3%
let
45.3%
with
44.5%
with
44.5%
with
44.5%
of
44.5%
spent.
44.4%
mine.
44.2%
tight.
43.5%
too
43.2%
been
43.1%
There
41.9%
money's
41.5%
it's
41.4%
understand.
41.4%
I'm
40.5%
I'm
40.5%
you're
39.1%
you're
39.1%
put
38.9%
little
37.9%
Cause
37.5%
Cause
37.5%
or
37.1%
Before
36.1%
them
35.8%
at
35.1%
always
34.7%
care,
34.7%
walk
34.6%
things
34.3%
talk
34.1%
kiss
34%
get
32.2%
ain't
31.2%
long,
30.8%
mountain
30.6%
guess
30.5%
climb.
30.4%
around.
30.4%
goodnight.
30.2%
sad,
29.8%
ring.
29.3%
Then
29.1%
wear
28.9%
clown.
28.2%
wrong.
28.2%
sure
28.1%
flowers
27.4%
spring.
27.3%
hill
26.7%
earned,
26.6%
hair's
26.5%
least
25.5%
scared,
22.8%
plot.
21%

You're not logged in!

Compare scores with friends on all Sporcle quizzes.
OR
Log In
Forgot?

From the Vault

A Big Mac Delight!

by sgeoghegan2002

This is probably the first time you'll be eating a burger from the top down.
Remove Ads.
Support Sporcle.
Get the best of Sporcle when you Go Orange. This ad-free experience offers more features, more stats, and more fun while also helping to support Sporcle. Thank you for becoming a member.

Show Comments

Extras

Top Quizzes Today


Score Distribution

Your Account Isn't Verified!

In order to create a playlist on Sporcle, you need to verify the email address you used during registration. Go to your Sporcle Settings to finish the process.

Report this User

Report this user for behavior that violates our Community Guidelines.

Details: